Poznańskie przystanki tramwajowe 2024 - Statystyki

Ogólne statystyki
  • Ten quiz został rozwiązany 731 razy
  • Średni wynik to 65 z 135
Statystyki odpowiedzi
Przystanki % Poprawnych
Poznań Główny
87%
Rondo Rataje
84%
Most Teatralny
82%
Półwiejska
82%
Rondo Kaponiera
82%
AWF
81%
Rondo Śródka
79%
Junikowo
77%
Dworzec Zachodni
76%
Kórnicka
76%
Głogowska/Hetmańska
75%
Franowo
74%
Ogrody
74%
Wierzbięcice
72%
Os. Sobieskiego
69%
Rondo Starołęka
69%
Wrocławska
69%
Górczyn PKM
68%
Rynek Jeżycki
68%
Dębiec PKM
66%
Zamek
66%
Most Dworcowy
65%
Żegrze I
65%
Żegrze II
65%
Aleje Marcinkowskiego
64%
Bałtyk
64%
Lechicka/Naramowicka
64%
Miłostowo
64%
Serafitek
64%
Żegrze III
64%
Aleje Solidarności
63%
Fredry
63%
Małe Garbary
62%
Rynek Wildecki
62%
Słowiańska
62%
Błażeja
61%
Politechnika
61%
Katedra
60%
Rondo Nowaka-Jeziorańskiego
60%
Rynek Łazarski
60%
Park Wilsona
59%
Most Św. Rocha
57%
Stadion Miejski
57%
Szwedzka
57%
Traugutta
57%
Baraniaka
56%
Budziszyńska
56%
Os. Lecha
56%
Starołęka PKM
56%
Kurpińskiego
55%
Piaśnicka/Kurlandzka
54%
Gwarna
53%
Rondo Żegrze
53%
Uniwersytet Ekonomiczny
53%
Arena
52%
Zawady
52%
Os. Czecha
51%
Polna
51%
Szymanowskiego
51%
Matejki
50%
Poznańska
50%
Unii Lubelskiej
50%
Wielkopolska
50%
Wilczak
49%
Piątkowska
48%
Polanka
48%
Szwajcarska
47%
Żeromskiego
47%
Ratajczaka
46%
27 Grudnia
45%
Uniwersytet Przyrodniczy
45%
HCP
44%
Połabska
44%
Arciszewskiego
43%
Armii Poznań
43%
Rolna
43%
Stare Zoo
43%
Grochowska
42%
Krauthofera
41%
Lechicka Poznań Plaza
41%
Naramowice
41%
Piaśnicka Rynek
41%
Różana
41%
Cmentarna
40%
Pl. Wielkopolski
40%
Serbska
40%
Sołacz
40%
Św. Czesława
40%
Pl. Bernardyński
39%
Rondo Solidarności
39%
Hetmańska Wiadukt
38%
Wojskowa
38%
Żniwna
38%
Bukowska
37%
Kolejowa
37%
Łacina
37%
Os. Piastowskie
37%
Pamiątkowa
37%
Pasieka
37%
Pl. Ratajskiego
36%
Pl. Wiosny Ludów
36%
Św. Michała
36%
Termalna
36%
Węgorka
36%
Ostroroga
35%
Os. Tysiąclecia
34%
Rondo Skubiszewskiego
34%
Sielska
34%
Wioślarska
34%
Drzewieckiego
33%
Kraszewskiego
33%
Os. Rzeczypospolitej
33%
Starołęka Mała
33%
Wspólna
32%
Bonin
31%
Łąkowa
30%
Bystra
27%
Jasna Rola
27%
Klin
27%
Kosińskiego
27%
Krańcowa
27%
Nad Wierzbakiem
27%
Os. Pod Lipami
27%
Włodarska
26%
Lutycka Szpital
25%
Murawa
25%
Os. Łokietka
25%
Kmieca
24%
Przełajowa
24%
Mogileńska
23%
Św. Leonarda
22%
Grotkowska
21%
Os. Winiary
21%
Tadeuszak
21%
Łomżyńska
20%
Nie znaleziono quizów pasujących do podanych kryteriów
Rozkład punktacji
Procent ludzi z każdym wynikiem
Percentyl według liczby udzielonych odpowiedzi
Twoja historia wyników
Nie rozwiązałeś tego quizu